Komercializácia kúpeľných služieb v súčasných ekonomických podmienkach

Vzťah kúpeľov a poisťovní. Kúpeľná starostlivosť a zdravotná starostlivosť. Situácia kúpeľných služieb v rámci verejného zdravotníctva. Prepojenie kúpeľníctva s cestovným ruchom. Prieskum v oblasti spotreby kúpeľných služieb.

Gespeichert in:
Bibliographische Detailangaben
1. Verfasser: Eliašová, Darina
Format: Buchkapitel
Sprache:Slowakisch
Schlagworte:
Tags: Tag hinzufügen
Keine Tags, Fügen Sie das erste Tag hinzu!

MARC

LEADER 00000naa$a2200000$$$4500
001 0010038
005 20230117075507.2
041 0 |a slo 
044 |a SK 
245 1 0 |a Komercializácia kúpeľných služieb v súčasných ekonomických podmienkach  |c Darina Eliašová 
520 |a Vzťah kúpeľov a poisťovní. Kúpeľná starostlivosť a zdravotná starostlivosť. Situácia kúpeľných služieb v rámci verejného zdravotníctva. Prepojenie kúpeľníctva s cestovným ruchom. Prieskum v oblasti spotreby kúpeľných služieb. 
610 2 0 |a kúpeľníctvo 
610 2 0 |a služby 
610 2 0 |a starostlivosť kúpeľná 
610 2 0 |a starostlivosť zdravotná 
610 2 0 |a poisťovne 
610 2 0 |a kúpele 
100 1 |a Eliašová, Darina